Welcome to WEB OPAC of MRSPTU Central Library

Linear circuits (Record no. 107)

MARC details
000 -LEADER
fixed length control field 00378nam a2200145Ia 4500
008 - FIXED-LENGTH DATA ELEMENTS--GENERAL INFORMATION
fixed length control field 230711s9999||||xx |||||||||||||| ||und||
041 ## - LANGUAGE CODE
Language code of text/sound track or separate title ENG
082 ## - DEWEY DECIMAL CLASSIFICATION NUMBER
Classification number 4
Item number VO-L
100 ## - MAIN ENTRY--PERSONAL NAME
Personal name Valkenburg,M. E. Van
245 #0 - TITLE STATEMENT
Title Linear circuits
250 ## - EDITION STATEMENT
Edition statement 2nd . . . Ed.
260 ## - PUBLICATION, DISTRIBUTION, ETC.
Date of publication, distribution, etc. 1989
Place of publication, distribution, etc. New Delhi
Name of publisher, distributor, etc. Prentice-Hall of India Private Limited
650 ## - SUBJECT ADDED ENTRY--TOPICAL TERM
Topical term or geographic name entry element Electronics Engineering
942 ## - ADDED ENTRY ELEMENTS (KOHA)
Koha item type Book
Holdings
Withdrawn status Lost status Damaged status Not for loan Collection Home library Current library Date acquired Total checkouts Full call number Barcode Date last seen Date last checked out Price effective from Koha item type
          MRSPTU Central Library MRSPTU Central Library   1 4 VO-L 678 09/12/2023 09/12/2023 08/17/2023 Book
          MRSPTU Central Library MRSPTU Central Library     4 VO-L 679 08/17/2023   08/17/2023 Book
          MRSPTU Central Library MRSPTU Central Library     4 VO-L 680 08/17/2023   08/17/2023 Book
          MRSPTU Central Library MRSPTU Central Library     4 VO-L 5913 08/17/2023   08/17/2023 Book
          MRSPTU Central Library MRSPTU Central Library     4 VO-L 5914 08/17/2023   08/17/2023 Book
          MRSPTU Central Library MRSPTU Central Library     4 VO-L 5915 08/17/2023   08/17/2023 Book
          MRSPTU Central Library MRSPTU Central Library     4 VO-L 5916 08/17/2023   08/17/2023 Book
          MRSPTU Central Library MRSPTU Central Library     4 VO-L 7026 08/17/2023   08/17/2023 Book
          MRSPTU Central Library MRSPTU Central Library     4 VO-L PBB678 08/17/2023   08/17/2023 Book
          MRSPTU Central Library MRSPTU Central Library     4 VO-L PBB679 08/17/2023   08/17/2023 Book
          MRSPTU Central Library MRSPTU Central Library     4 VO-L PBB680 08/17/2023   08/17/2023 Book

Website Designed and Developed by MRSPTU Central Library Team

E-mail Id: librarian@mrsptu.ac.in